00609 2200217 4500001002100000005001500021035002000036245007800056100001700134250001400151260004700165300002600212020001800238084002000256084002000276082001000296650001800306008004100324990001300365990001300378INLIS00000000000877620251224014617 a0010-01230003171 aOlah limbah jadi berkah: Aneka kerajinan dari limbah kaca /cRana Kinasih aRana Kinasih aCetakan I ayogyakarta :bHijaz Pustaka Mandiri,c2022 a136 halaman ;c24 cm. a9786025790881 a745.5 RAN o C.1 a745.5 RAN o C.2 a745.5 4aSeni Dekorasi251224 g 0 ind  a022.1429 a022.1430